000 00287nam a2200121Ia 4500
008 190216s9999||||xx |||||||||||||| ||und||
100 _aCollins U H
245 0 _aSecond Book Of English
260 _bLongman &green &co
_c1958
300 _a256
650 _aEnglish Stories
942 _cBK
999 _c11574
_d11574